Statistics for US Sports Teams in Canada

Click here to take the quiz!

General Stats

  • This quiz has been taken 267 times
    (250 since last reset)
  • The average score is 13 of 21

Answer Stats

Answer% Correct
Toronto Raptors
99%
Toronto Blue Jays
96%
Toronto Maple Leafs
93%
Montreal Canadiens
90%
Vancouver Canucks
88%
Calgary Flames
87%
Edmonton Oilers
87%
Ottawa Senators
87%
Ottawa Senators
87%
Winnipeg Jets
85%
Winnipeg Jets
85%
Montreal Expos
53%
Toronto FC
53%
Vancouver Grizzlies
50%
Vancouver Whitecaps
49%
Quebec Nordiques
40%
Montreal Impact
39%
Montreal Maroons
24%
Montreal Wanderers
12%
Hamilton Tigers
11%
Quebec Athletic Club
0%

Score Distribution

Percentile by Number Answered

Percent of People with Each Score

Your Score History

You have not taken this quiz since the last reset